00576nam a2200157Ia 4500008004000000020001800040082001700058100002400075245005100099260004700150300001200197690003600209906001100245999001900256952014300275210210b1996 xxu||||| |||| 00| 0 eng d a0 7069 9820 0 a320.954 GOPS aGOPALAKRISHNAN (R). aSocio political framework in north east india. aNDbVikas Publishing House Pvt Ltd.c1996 axiv,215 aPolitical Situation & Condition a052273 c100742d100742 001040708Political ScienceaALbALcPolitical Scienced2021-02-17g295.00l0o320.954 GOPSp052273r2021-02-17 00:00:00w2021-02-17yBK